000 00713nac a22001691u 4500
020 _a9774247124
082 _a305.26 962
_bA8441
090 _c2637
_d2637
100 _aAssaad, Ragui.
245 _aThe Egyptian labor market in an era of reform /
_ceditor Ragui Assaad.
260 _aCairo ; NewYork :
_bThe American University in Cairo press ,2000.
_c2000
300 _a291p.:
_bill. ;
_c23 cm.
504 _aIncludes bibliographical references p.287-291
650 _aLabor Market
_zEgypt.
942 _cBB
_k305.26 962 A8441
999 _c2637
_d2637